|
|
|
|
| LEADER |
01820nam a2200325 a 4500 |
| 001 |
0020922 |
| 003 |
BD-DhAAL |
| 008 |
100927s1981 bg w 000 0 eng d |
| 040 |
|
|
|a BD-DhAAL
|c BD-DhAAL
|
| 082 |
0 |
0 |
|a 348.5492/046
|
| 130 |
0 |
|
|a DLR
|9 4096
|
| 245 |
0 |
4 |
|a The Dacca law reports :
|b table of Cases of the Appellate Division of Supreme Court of Bangladesh.
|n Volume XXXIII.
|
| 246 |
1 |
7 |
|a The Dhaka Law Reports.
|
| 260 |
|
|
|a Dacca [Bangladesh] :
|b Dhaka Law Reports,
|c 1981
|
| 300 |
|
|
|a various pagins. ;
|c 25 cm.
|
| 362 |
0 |
|
|a Vol. 33 (1981)
|
| 500 |
|
|
|a Table of Cases of the Appellate Division of Supreme Court of Bangladesh.
|
| 500 |
|
|
|a "A journal of law reports."
|
| 500 |
|
|
|a Latest issue consulted: Vol. XXXIII, January to December, 1981
|
| 526 |
|
|
|a SOL
|x Saira Rahman Khan,
Associate Professor
School of Law
BRAC University
|
| 541 |
|
|
|e 0020922, 0022318
|a Anupam Gyan Bhandar
|
| 590 |
|
|
|a Published yearly.
|
| 650 |
|
0 |
|a Law reports, digests, etc.
|z Bangladesh.
|9 4097
|
| 650 |
|
0 |
|a Law reports, digests, etc.
|z India
|z Bengal.
|9 4098
|
| 852 |
1 |
|
|a Ayesha Abed Library
|c Reference shelf
|
| 942 |
|
|
|2 ddc
|c 1HOUR
|0 2
|
| 999 |
|
|
|c 10704
|d 10704
|
| 952 |
|
|
|0 0
|1 0
|2 ddc
|4 0
|6 348_549204600000000_DAC
|7 0
|8 REF
|9 16094
|a BRACUL
|b BRACUL
|c REF
|d 2011-04-17
|l 10
|o 348.5492046 DAC
|p 3010022318
|r 2018-12-03
|s 2018-12-03
|t 2
|w 2011-04-17
|y 1HOUR
|
| 952 |
|
|
|0 0
|1 0
|2 ddc
|4 0
|6 348_549204600000000_DAC
|7 0
|8 REF
|9 24014
|a BRACUL
|b BRACUL
|c REF
|d 2014-03-24
|e Anupam Gyan Bhandar
|l 0
|o 348.5492046 DAC
|p 3010020922
|r 2014-03-24
|t 1
|w 2014-03-24
|y 1HOUR
|x Koha Inventory 2020; Requisitioned by Saira Rahman Khan, Associate Professor, School of Law, BRAC University.
|
| 952 |
|
|
|0 0
|1 0
|2 ddc
|4 0
|6 348_549200000000000_046_DAC
|7 0
|8 REF
|9 54204
|a BRACUL
|b BRACUL
|c REF
|d 2015-06-09
|g 994.00
|l 9
|o 348.5492046 DAC
|p 3010029139
|r 2019-11-26
|s 2019-11-26
|t 3
|w 2015-06-09
|y 1HOUR
|